Phân tích tình hình sản xuất và tiệu thụ bưới tại huyện Bình Minh tỉnh Vĩnh long : Luận văn tốt nghiệp Đại học
Đề tài phân tích thực trạng trồng bưởi, thuận lợi, khó khăn trong quá trình trồng bười tại huyện Bình Minh. Đồng thời khái quát thị trường tiệu thụ bưởi của huyện này.
Bewaard in:
| Hoofdauteur: | |
|---|---|
| Formaat: | Boek |
| Taal: | Undetermined |
| Gepubliceerd in: |
Cần thơ
Trường Đại học Cần Thơ
2008
|
| Onderwerpen: | |
| Tags: |
Voeg label toe
Geen labels, Wees de eerste die dit record labelt!
|
| Thư viện lưu trữ: | Trung tâm Học liệu Trường Đại học Cần Thơ |
|---|
| LEADER | 01141nam a2200217Ia 4500 | ||
|---|---|---|---|
| 001 | CTU_169442 | ||
| 008 | 210402s9999 xx 000 0 und d | ||
| 082 | |a 338.16 | ||
| 082 | |b Tr312 | ||
| 100 | |a Trương, Thị Diễm Trinh | ||
| 245 | 0 | |a Phân tích tình hình sản xuất và tiệu thụ bưới tại huyện Bình Minh tỉnh Vĩnh long : | |
| 245 | 0 | |b Luận văn tốt nghiệp Đại học | |
| 245 | 0 | |c Trương Thị Diễm Trinh ; Võ Thị lang (Giáo viên hướng dẫn) | |
| 260 | |a Cần thơ | ||
| 260 | |b Trường Đại học Cần Thơ | ||
| 260 | |c 2008 | ||
| 520 | |a Đề tài phân tích thực trạng trồng bưởi, thuận lợi, khó khăn trong quá trình trồng bười tại huyện Bình Minh. Đồng thời khái quát thị trường tiệu thụ bưởi của huyện này. | ||
| 650 | |a Grapefruit,Nông nghiệp,Cây bưởi,Agriculture | ||
| 650 | |x Khía cạnh kinh tế,Economic aspects | ||
| 904 | |i Quốc, Năm | ||
| 980 | |a Trung tâm Học liệu Trường Đại học Cần Thơ | ||